000 00307nam a22001457a 4500
008 230531b ||||| |||| 00| 0 eng d
020 _a9781307245219
041 _aeng
080 _a94
082 _a94WES
100 _a28
101 _aHIST
245 _aTHE WEST THE WORLD
_cWEST .S
942 _2udc
_cBK
999 _c59879
_d59879